| 000 | 00650nam a2200217 i 4500 | ||
|---|---|---|---|
| 001 | 78598 | ||
| 003 | ES-MaACL | ||
| 005 | 20230906173747.0 | ||
| 007 | t| | ||
| 008 | 041015s1972 sp ||||1| spa d | ||
| 100 | 1 |
_aHebert, Anne. _962260 |
|
| 245 | 1 | 0 |
_aKamuraska / _cpor Anne Hebert ; [traducción de J. Mª Martínez Monasterio]. |
| 250 | _a[1ª ed.]. | ||
| 260 |
_a[Barcelona] : _bPlaza & Janés, _c[1972] |
||
| 300 |
_a250 p. ; _c20 cm. |
||
| 490 | 1 | _aNovelistas del día | |
| 700 | 1 |
_aMartínez Monasterio, José M. _9183600 |
|
| 830 | 0 |
_aNovelistas del día _9180813 |
|
| 852 |
_aES-MaACL _jC-43200 _bR.82406 |
||
| 999 |
_c78598 _d78598 |
||